Assessment of learning 1/ (Record no. 89352)

MARC details
000 -LEADER
fixed length control field 00885nam a22002537a 4500
003 - CONTROL NUMBER IDENTIFIER
control field URS
005 - DATE AND TIME OF LATEST TRANSACTION
control field 20260212174659.0
008 - FIXED-LENGTH DATA ELEMENTS--GENERAL INFORMATION
fixed length control field 260212b |||||||| |||| 00| 0 eng d
020 ## - INTERNATIONAL STANDARD BOOK NUMBER
International Standard Book Number 9786214271764
040 ## - CATALOGING SOURCE
Original cataloging agency DLC
Language of cataloging eng
Transcribing agency DLC
Modifying agency URS
Description conventions rda
050 ## - LIBRARY OF CONGRESS CALL NUMBER
Classification number LB 3051
Item number .M112 2024
100 ## - MAIN ENTRY--PERSONAL NAME
Personal name Mañas, Jonathan L.
245 ## - TITLE STATEMENT
Title Assessment of learning 1/
Statement of responsibility, etc. Jonathan L. Mañas.-
264 ## - PRODUCTION, PUBLICATION, DISTRIBUTION, MANUFACTURE, AND COPYRIGHT NOTICE
Place of production, publication, distribution, manufacture Intramuros, Manila:
Name of producer, publisher, distributor, manufacturer Unlimited books library services and publishing incorporation,
Date of production, publication, distribution, manufacture, or copyright notice 2024.
300 ## - PHYSICAL DESCRIPTION
Extent vi,
Other physical details 148 pages :illustrations;
Dimensions 23 centimeters.
336 ## - CONTENT TYPE
Source rdacontent
Content type term text
Content type code txt
337 ## - MEDIA TYPE
Source rdamedia
Media type term unmediated
Media type code n
338 ## - CARRIER TYPE
Source rdacarrier
Carrier type term volume
Carrier type code nc
504 ## - BIBLIOGRAPHY, ETC. NOTE
Bibliography, etc. note includes references.
546 ## - LANGUAGE NOTE
Language note In English text.
650 ## - SUBJECT ADDED ENTRY--TOPICAL TERM
Source of heading or term Educational tests and measurements- Philippines
650 ## - SUBJECT ADDED ENTRY--TOPICAL TERM
Source of heading or term Education - Philippines
942 ## - ADDED ENTRY ELEMENTS (KOHA)
Source of classification or shelving scheme Library of Congress Classification
Koha item type Filipiniana
Classification part LB 3051
Item part .M112 2024
Holdings
Withdrawn status Source of classification or shelving scheme Damaged status Not for loan Home library Current library Shelving location Date acquired Total Checkouts Full call number Barcode Date last seen Copy number Price effective from Koha item type Collection code Source of acquisition
  Library of Congress Classification     Angono College Library Angono College Library Filipiniana Section 02/12/2026   LB 3051 .M112 2024 URSANG-7652 02/12/2026 1 02/12/2026 Filipiniana    
  Library of Congress Classification     Angono College Library Angono College Library Filipiniana Section 02/12/2026   LB 3051 .M112 2024 URSANG-7653 02/12/2026 2 02/12/2026 Filipiniana    
  Library of Congress Classification     Cainta College Library Cainta College Library Filipiniana Section 02/24/2026   LB 3058 .M112 2024 URSCAI-5622 02/24/2026   02/24/2026 Filipiniana Non-fiction Purchased
  Library of Congress Classification     Cainta College Library Cainta College Library Filipiniana Section 02/24/2026   LB 3058 .M112 2024 URSCAI-5623 02/24/2026   02/24/2026 Filipiniana Non-fiction Purchased
  Dewey Decimal Classification     Pililla College Library Pililla College Library Filipiniana Section 02/23/2026   371.26 M3119 2024 URSPIL-7400 02/23/2026 2 02/23/2026 Filipiniana    
  Dewey Decimal Classification     Pililla College Library Pililla College Library Filipiniana Section 02/23/2026   371.26 M3119 2024 URSPIL-7399 02/23/2026 1 02/23/2026 Filipiniana    

University of Rizal System
Email us at univlibservices@urs.edu.ph

Visit our Website www.urs.edu.ph/library